000 00527nam a22002177a 4500
003 UA-OsUOA
001 36176
007 ta
008 20060119b un ||||| |||| 00| 0 ukr d
100 _aДем'янчук Б.
090 _a32
942 _cSA
040 _aUA-OsUOA
_bukr
_cUA-OsUOA
_dUA-OsUOA
245 _aЗатвердивши бюджет, керівники області пішли з торбами
300 _aС.3
955 _a0
041 _aukr
080 _a32
773 0 _w36175
650 7 _2UDC
999 _c322425
_d322425